Statistiques concernant Culture Générale - Série 753

Cliquez ici pour prendre le quiz!

Statistiques générales

  • Ce quiz a été pris 162 fois
  • Le résultat moyen est 5 sur 10

Statistiques - réponses

QuestionRéponse% Correct
Quel liquide alimentaire obtient-on quand on broie des olives ?huile d'olive
95%
Quel chanteur britannique a été assassiné le 8 décembre 1980 par Mark Chapman ?John Lennon
84%
Quel mot, désignant un photographe spécialisé en clichés indiscrets de célébrités, vient du nom d'un personnage de Fellini dans "La Dolce Vita" ?paparazzi
83%
Complétez le titre du film réalisé en 1995 par Clint Eastwood, "Sur la route de ...Madison
68%
Dans quel pays se situe l'intrigue de "Madame Butterfly", l'opéra de Giacomo Puccini ?Japon
41%
Quel mot désigne à la fois : un petit canot, un perroquet d'Afrique et un cri de joie poussé par les femmes des pays arabes ?youyou
36%
Complétez le titre du roman d' Alexandre Soljenitsyne, "L'archipel du ...goulag
32%
Quel est le nom de l'inséparable compagnon de Guignol ?Gnafron
31%
A quel peintre flamand doit-on le triptyque : "Le Jardin des délices terrestres" ?Jérôme Bosch
26%
Avant une corrida, dans quelle enceinte, attenante à l'arène, enferme-t-on les taureaux ?toril
26%

Distribution des résultats

Percentile par nombre de réponses

% des personnes avec chaque résultat

Votre développement - résultats

Vous n’avez pas pris ce quiz